Modern sciences in Vedas/ (Record no. 11345)

MARC details
000 -LEADER
fixed length control field 00934 a2200253 4500
005 - DATE AND TIME OF LATEST TRANSACTION
control field 20180729123048.0
008 - FIXED-LENGTH DATA ELEMENTS--GENERAL INFORMATION
fixed length control field 090512t xxu||||| |||| 00| 0 eng d
010 ## - LCCN (DPL NO)
LC control number ENG-89770 B-308151-155
020 ## - INTERNATIONAL STANDARD BOOK NUMBER
Terms of availability 270.00
International Standard Book Number 8172764022
035 ## - SYSTEM CONTROL NUMBER
System control number EN-73303
035 ## - SYSTEM CONTROL NUMBER
System control number B-308151-155, b-308152
037 ## - SOURCE OF ACQUISITION
Source of stock number/acquisition DBAD / PUB
040 ## - CATALOGING SOURCE
Original cataloging agency dpl
Language of cataloging English
082 ## - DEWEY DECIMAL CLASSIFICATION NUMBER
Classification number 215
100 ## - MAIN ENTRY--PERSONAL NAME
Personal name Deshpande, Dhananjay
245 ## - TITLE STATEMENT
Title Modern sciences in Vedas/
Statement of responsibility, etc by Dhananjay Deshpande ; translated by G.N. Kamat
260 ## - PUBLICATION, DISTRIBUTION, ETC. (IMPRINT)
Place of publication, distribution, etc Mumbai :
Name of publisher, distributor, etc Bharatiya Vidya Bhavan
Date of publication, distribution, etc 2007
270 ## - ADDRESS
Address Kulapati K.M. Munshi Marg,
City Mumbai
State or province Mumbai
Postal code 400007
300 ## - PHYSICAL DESCRIPTION
Extent xviii, 294p.:
Dimensions 22 cm. (pbk)
Other physical details ill.
490 ## - SERIES STATEMENT
Series statement Bhavan's Book University
700 ## - ADDED ENTRY--PERSONAL NAME
Personal name Kamat, G.N.
942 ## - ADDED ENTRY ELEMENTS (KOHA)
Institution code [OBSOLETE] dpl
Item type English Books
Call number prefix 215 / DES
Source of classification or shelving scheme Dewey Decimal Classification
Classification part 215
Call number suffix DES
Holdings
Withdrawn status Lost status Source of classification or shelving scheme Damaged status Not for loan Home library Current library Date acquired Cost, normal purchase price Total Checkouts Barcode Date last seen Cost, replacement price Koha item type Collection code Source of acquisition Total Renewals Full call number Copy number
    Dewey Decimal Classification     Central Library Central Library 12/05/2009 270.00 3 B-308151 22/04/2024 270.00 English Books Non-fiction Bharatiya Vidya Bhavan/2138/15.12.08/226/12.12.08/18.12.08 2 215 DES 1
    Dewey Decimal Classification     Andrews Gunj D.B.Act.Division 01/10/2008 270.00   EN-73303 15/09/2008 270.00 English Books          
    Dewey Decimal Classification     Karol Bagh Karol Bagh 12/05/2009 270.00   B-308154 12/05/2009 270.00 English Books Non-fiction Bharatiya Vidya Bhavan/2138/15.12.08/226/12.12.08/18.12.08   215 DES 1
Withdrawn   Dewey Decimal Classification     Patel Nagar Patel Nagar 12/05/2009 270.00 1 B-308152 20/01/2020 270.00 English Books Non-fiction Bharatiya Vidya Bhavan/2138/15.12.08/226/12.12.08/18.12.08 1 215 DES 1
    Dewey Decimal Classification     Sarojini Nagar Sarojini Nagar 12/05/2009 270.00 18 B-308153 01/03/2018 270.00 English Books Non-fiction Bharatiya Vidya Bhavan/2138/15.12.08/226/12.12.08/18.12.08 3 215 DES 1
    Dewey Decimal Classification     Shahdara Branch Shahdara Branch 12/05/2009 270.00   B-308155 12/05/2009 270.00 English Books Non-fiction Bharatiya Vidya Bhavan/2138/15.12.08/226/12.12.08/18.12.08   215 DES 1

© Delhi Public Library
Hit Counter
free hit counter